เปลี่ยนเป็นภาษาไทย

Change to English
 แสดงรายละเอียดบรรณานุกรม
  กลับหน้าหลัก

Brief Record : Get Marc (ISO 2709) : E-mail record : QR code < ปิดหน้าต่าง
mysqli: Table './ulib62015/stat_globaluid' is marked as crashed and should be repaired
select id from stat_globaluid where statuid='20260517235034_573' 
mysqli: Table './ulib62015/stat_globaluid' is marked as crashed and should be repaired
DELETE FROM stat_globaluid
			WHERE id NOT IN (
			  SELECT id
			  FROM (
				SELECT id
				FROM stat_globaluid
				ORDER BY id DESC
				LIMIT 100
			  ) foo
			); 
mysqli: Table './ulib62015/stat_globaluid' is marked as crashed and should be repaired
insert into stat_globaluid set
		statuid='20260517235034_573',
		dt='1779036634',
		phpself='/ULIB62015/dublinfull.php',
		agent='Mozilla/5.0 AppleWebKit/537.36 (KHTML, like Gecko; compatible; ClaudeBot/1.0; +claudebot@anthropic.com)',
		yea='2026',
		mon='5',
		dat='17',
		ip='216.73.216.45'
		
		
mysqli: Table './ulib62015/stathist_viewbib_bib_type' is marked as crashed and should be repaired
insert into stathist_viewbib_bib_type set 
		dat='17' ,
		 mon='05' ,
		  yea='2026' ,
			 statuid='20260517235034_573' ,
			 head='30497' ,
			 foot='marc' ,
			 dt='1779036634' 
		
LEADER : 01174nam 2200277 a 4500
001    30497
003     ULIB
008    030417s2004 caua sb 001 0 eng
020    ^a974-11-0523-1
050    ^a645 T.62
060    ^aม122ค
082    ^aRA
100    ^aองค์การอนามัยโลก
245    ^aเครื่องมือเพื่อการควบคุมยาสูบที่สมัยในศตวรรษที่ 21 ลงหลักปักฐานสกัดกั้นยาสูบ
913    ^aImported by ULIBM Administrator
945    ^p0^l0^i010674
945    ^p0^l0^i010676
945    ^p0^l0^i010675
949    ^aImport form external file by ULIBM system
รายการนี้ยังไม่มีแท็ก
คุณยังไม่ได้ล็อกอิน คุณสามารถมีกิจกรรมร่วมกับเว็บไซต์ได้ แต่ต้องล็อกอินก่อน ::
  ล็อกอิน
  One Stop Service : ศูนย์ให้บริการแบบเบ็ดเสร็จ   จัดการหนังสือโปรด   แจ้งรายการบรรณานุกรมผิดพลาด
ลำดับที่ ประเภท เลขเรียก/บาร์โค้ด สถานที่ สถานะ
1. หนังสือ
หนังสือ
RA 645 T.62 ม122ค 2004 ฉ.1 
  Barcode: 010674
หนังสือทั่วไป บนชั้น
  ขอยืม
2. หนังสือ
หนังสือ
RA 645 T.62 ม122ค 2004 ฉ.2 
  Barcode: 010675
หนังสือทั่วไป บนชั้น
  ขอยืม
3. หนังสือ
หนังสือ
RA 645 T.62 ม122ค 2004 ฉ.3 
  Barcode: 010676
หนังสือทั่วไป บนชั้น
  ขอยืม

รายการใกล้เคียง
    ผู้แต่ง [องค์การอนามัยโลก]

BibComment


ยังไม่เคยถูกคอมเมนท์

คอมเมนท์ทรัพยากรรายการนี้
  คอมเมนท์: เครื่องมือเพื่อก..
Bib 30497

 
 
 

 Union Library Management : ULibM
Copyright 2026. All Rights Reserved.